00626nam a22001937a 450000500170000001000130001702000230003002000260005303500130007903700530009208200120014510000200015724500820017724600180025926000450027730000330032250000510035565000260040620110809124139.0 aB-427965 a067087518Xc795.00 a9780670875184c795.00 aB-427965 bAllied/DE2010/CR/2777/16.3.11/280/4.3.11/30.3.11 a954.0221 aEraly, Abraham.14aThe last spring :bthe lives and times of the great Mughals /cAbraham Eraly.30aGreat Mughals aNew Delhi :bPenguin Books India,c1997. axviii, 944 p. ;c24 cm. (Hb) aIncludes bibliographical references and index. aMughal HistoryzIndia